Visualizzazione normale
Vista MARC
- Anastasia
di Personal Name
Records bibliografici associati: 1
001 - CONTROL NUMBER
- control field: 30569
003 - CONTROL NUMBER IDENTIFIER
- control field: IT-RoPau
005 - DATE AND TIME OF LATEST TRANSACTION
- control field: 20140618173836.0
008 - FIXED-LENGTH DATA ELEMENTS
- fixed length control field: 140618|| aca||aabn | a|a d
040 ## - CATALOGING SOURCE
- Original cataloging agency: IT-RoPau
- Transcribing agency: IT-RoPau
100 ## - HEADING--PERSONAL NAME
- Personal name: Anastasia
670 ## - SOURCE DATA FOUND
- Source citation: Work cat.: (IT-RoPau)101174: Anastasia , Before the Rain